| 000 | 00947cam a2200253 i 4500 | ||
|---|---|---|---|
| 005 | 20160130115748.0 | ||
| 008 | 970908s1996 ne ab b i000 0 eng d | ||
| 020 | _a9075909012 | ||
| 040 |
_aBOH _cBOH _dDLC _dCO-BoIAVH |
||
| 041 | _aeng | ||
| 042 | _alccopycat | ||
| 043 | _aas----- | ||
| 082 | 0 | 4 |
_a338.17498 _bB41e |
| 100 | 1 | _aBeer, Jenne H. de. | |
| 245 | 1 | 4 |
_aThe economic value of non-timber forest products in Southeast Asia / _cJenne H. de Beer, Melanie J. McDermott ; editor to the second edition, Jenne H. de Beer. |
| 250 | _aSegunsda edición revisada | ||
| 260 |
_aAmsterdam : _bNetherlands Committee for IUCN, _c1996. |
||
| 300 |
_a197 páginas : _bilustraciones y mapas ; _c30 cm. |
||
| 650 | 1 | 4 |
_aProductos forestales _zAsia |
| 650 | 2 | 4 |
_aProductos forestales _xAspectos económicos _zAsia |
| 650 | 2 | 4 |
_aIndustria forestal _zAsia |
| 700 | 1 |
_aMcDermott, Melanie J. _eautor. |
|
| 942 |
_2ddc _cLIBRO |
||
| 999 |
_c2608 _d2608 |
||